Statistics for Countries With ≥ 2 Statues 30 Meters Or Taller

Click here to take the quiz!

General Stats

  • This quiz has been taken 31 times
  • The average score is 9 of 11

Answer Stats

Statues Answer % Correct
34China
100%
2United States
100%
23India
96%
20Japan
92%
2Indonesia
85%
4Malaysia
81%
5Brazil
81%
4Thailand
77%
10Taiwan
65%
3Mexico
62%
2Sri Lanka
38%

Score Distribution

Percentile by Number Answered

Percent of People with Each Score

Your Score History

You have not taken this quiz